000 00332nam a2200145Ia 4500
008 230718s9999 xx 000 0 und d
041 _aEng.
082 _a320
_bCHA-T
100 _aChallen Celes
245 4 _aThe secret granding of
260 _aPakistan
_bSweet and Mound
_c1998
300 _a198
650 _aLaw
999 _c26645
_d26645